00493nam a2200181 4500003000900000005001700009008004100026020001500067040001300082082001900095100001800114245008500132260002700217650001600244700002900260942000900289999001300298SEACOMMC20231011103800.0231011b |||||||| |||| 00| 0 eng d cRs. 150.00 aSEACOMMC a510.02462bJAN1 aJana, Chinmoy1 aUndergraduate Engineering Mathematics-IcChinmoy Jana and Sanchita Pal Choudhury aNew DelhibVikasc2004 aMathematics1 aPal Choudhury, Sanchita  cBOOK c153d153